000 00323nam a2200145Ia 4500
008 100415s9999 xx 000 0 und d
082 _b3202
_a500
100 _aHaslett AW (ed.)
245 _aScience News 22
260 _c0
365 _b0
630 _aScience News 22
730 _aScience News 22
942 _cBOOK
999 _c586191
_d586188